Microvascular and neurological complications of diabetes / (Record no. 4110)

000 -LEADER
fixed length control field 01232nam a2200325 a 4500
003 - CONTROL NUMBER IDENTIFIER
control field UkOxU
005 - DATE AND TIME OF LATEST TRANSACTION
control field 20220318063958.0
008 - FIXED-LENGTH DATA ELEMENTS--GENERAL INFORMATION
fixed length control field 891128s1987 it b 101 0 eng d
020 ## - INTERNATIONAL STANDARD BOOK NUMBER
International Standard Book Number 8876754563
020 ## - INTERNATIONAL STANDARD BOOK NUMBER
International Standard Book Number 3540966196
020 ## - INTERNATIONAL STANDARD BOOK NUMBER
International Standard Book Number 0387966196
040 ## - CATALOGING SOURCE
Transcribing agency MDU
050 ## - LIBRARY OF CONGRESS CALL NUMBER
Classification number RC660.A15
Item number .M6 1987
092 ## - LOCALLY ASSIGNED DEWEY CALL NUMBER (OCLC)
Classification number D0400503675
245 00 - TITLE STATEMENT
Title Microvascular and neurological complications of diabetes /
Statement of responsibility, etc. edited by G. Crepaldi ... [et al.]
260 ## - PUBLICATION, DISTRIBUTION, ETC.
Place of publication, distribution, etc. Padova :
Name of publisher, distributor, etc. Liviana,
Date of publication, distribution, etc. c1987.
300 ## - PHYSICAL DESCRIPTION
Extent viii, 328 p. :
Other physical details ill. ;
Dimensions 25 cm.
500 ## - GENERAL NOTE
General note Selected papers presented at a Satellite Meeting of the XII Congress of the International Diabetes Federation held in Granada on September 19-20, 1985.
504 ## - BIBLIOGRAPHY, ETC. NOTE
Bibliography, etc. note Includes bibliographies and index.
650 #0 - SUBJECT ADDED ENTRY--TOPICAL TERM
Topical term or geographic name entry element Diabetes
General subdivision Complications
-- Congresses.
650 #0 - SUBJECT ADDED ENTRY--TOPICAL TERM
Topical term or geographic name entry element Diabetic angiopathies
General subdivision Congresses.
650 #0 - SUBJECT ADDED ENTRY--TOPICAL TERM
Topical term or geographic name entry element Diabetic nephropathies
General subdivision Congresses.
650 #0 - SUBJECT ADDED ENTRY--TOPICAL TERM
Topical term or geographic name entry element Diabetic neuropathies
General subdivision Congresses.
650 #0 - SUBJECT ADDED ENTRY--TOPICAL TERM
Topical term or geographic name entry element Diabetic retinopathy
Form subdivision Congresses.
700 1# - ADDED ENTRY--PERSONAL NAME
Personal name Crepaldi, Gaetano.
710 2# - ADDED ENTRY--CORPORATE NAME
Corporate name or jurisdiction name as entry element International Diabetes Federation.
Subordinate unit Congress
Number of part/section/meeting (12th :
Date of meeting or treaty signing 1985 :
Location of meeting Madrid, Spain)
830 #0 - SERIES ADDED ENTRY--UNIFORM TITLE
Volume/sequential designation v. 10
942 ## - ADDED ENTRY ELEMENTS (KOHA)
Source of classification or shelving scheme
Koha item type Book
Holdings
Withdrawn status Lost status Source of classification or shelving scheme Damaged status Not for loan Permanent Location Current Location Shelving location Date acquired Source of acquisition Total Checkouts Full call number Barcode Date last seen Price effective from Koha item type Public note Copy number
          AU LIBRARY AU LIBRARY Open Shelf 18.03.2022 DONATION FROM MOI UNIVERSITY   RC660.A15 .M6 1987 28005801 18.03.2022 18.03.2022 Book SM  
          AU LIBRARY AU LIBRARY Open Shelf 06.04.2022 DONATION FROM MOI UNIVERSITY   RC660.A15 .M6 1987 C2 28009225 06.04.2022 06.04.2022 Book WO 2

Powered by Koha